00509nam a2200169 a 450000100060000000300090000600800410001502000150005604000280007108200160009910000340011524500940014926000300024330000080027365000350028165000230031613915CO-ViMGA141112s2004 ck r 000 u spa d a8480131284 aCO-ViMGAbspacCO-ViMGA04a611.73 C1571 aCanto, Ramon; Jimenez, Javier10aLa Columna vertebral en la edad escolar : bla postura correcta, prevencion y educación aMadrid : bGymnos, c1998 a30914aCOLUMNA VERTEBRAL - PREVENCION14aMEDICINA DEPORTIVA